Discographie Black M - Statistiques

Statistiques générales
  • Ce quiz a été pris 44 fois
    6 depuis la dernière actualisation
  • Le résultat moyen est 69 sur 128
Statistiques - réponses
Réponse % Correct
À l'ouest
100%
Alpha
100%
Éternel insatisfait
100%
Intro
100%
Jessica
100%
La légende Black
100%
Mme Pavoshko
100%
Solitaire
100%
Spectateur
100%
Sur ma route
100%
2h du mat
50%
À force d'être
50%
Ailleurs
50%
Ainsi valse la vie
50%
À la base
50%
À la tienne
50%
À la vôtre
50%
Alton Sterling
50%
#Askip
50%
Autour de moi
50%
Beautiful
50%
Blackadit
50%
Blacklines
50%
Black Shady, Pt. 3
50%
Black Shady, Pt. 4
50%
Bon (Prologue)
50%
Bon (Remix)
50%
Bye Bye
50%
Bye Bye (Remix)
50%
Cadeau Joyeux Noël
50%
Casse pas ton dos
50%
Celui que je pense être
50%
Cesar
50%
C'est Dieu qui donne
50%
C'est quoi le Del
50%
C'est tout moi
50%
Cheveux blancs
50%
Cœur à la maison
50%
Comme moi
50%
Comment allez-vous ?
50%
Crack
50%
Dans ma tête
50%
Dans mes pensées
50%
Dans mon délire
50%
Death Note
50%
Diva
50%
Doutes (Épilogue)
50%
Dress Code
50%
Dr Snitch
50%
Encre noire
50%
Essayer
50%
Fais-moi rêver
50%
Foutue mélodie
50%
French Kiss
50%
Frère Black
50%
Frérot
50%
Gainde
50%
Galère
50%
Interlude
50%
Interlude Keugré
50%
Jaloux
50%
Je garde le sourire
50%
Jemaa El-Fna
50%
Je ne dirai rien
50%
Je suis chez moi
50%
Je suis chez moi (Remix)
50%
Jette ton phone
50%
J'me dénonce pas
50%
Kirikou
50%
Langue de vipère
50%
La nuit porte conseil
50%
La route des princes
50%
Léa
50%
Légendaire
50%
Le plus fort du monde
50%
Le pouvoir
50%
Le prince Aladin
50%
Le regard des gens
50%
Le sourire de Kanye
50%
Like
50%
Lucien
50%
Mais qui es-tu ?
50%
Maître Yaya
50%
Mama
50%
Maman j'arrive
50%
Ma musique
50%
Million
50%
Mon beau-frère
50%
Mon défaut
50%
Money
50%
Monsieur l'agent
50%
Mort dans le Stream
50%
Mowgli
50%
N.C.M.
50%
Ne me quitte pas
50%
No No No
50%
N.S.E.G.
50%
N.S.E.G. (Remix)
50%
Oh Mama
50%
On s'fait du mal
50%
On va Yeke
50%
Otage
50%
Outfit
50%
O.V.N.I.
50%
Paris Centre Challenge
50%
Paris Centre Challenge (Remix)
50%
Parle-moi
50%
Pas dans les débats
50%
Pervers narcissique
50%
Pour oublier
50%
Pull Up
50%
Qataris
50%
Refait le monde
50%
Sale journée
50%
Sally
50%
Secret
50%
Smile
50%
Sors de l'arène
50%
Tagada
50%
Terrain
50%
Tic-Tac
50%
Tout ce qu'il faut
50%
Tout le monde me connaît
50%
Tout recommencer
50%
Tout se passe après minuit
50%
Wati by Black
50%
Week-end
50%
Grandir
0%
Aucun quiz correspondant
Distribution des résultats
% des personnes avec chaque résultat
Percentile par nombre de réponses
Votre historique - résultats
Vous n’avez pas pris ce quiz depuis la dernière actualisation